[Event "AUTO-INT-1055"]
[Site "http://www.queenalice.com/game.php?id=471169"]
[Date "2008.10.1"]
[Round "1"]
[White "Nederburg"]
[Black "J_Ricardo"]
[Result "0-1"]
[WhiteElo "1623"]
[BlackElo "1593"]

1. e4 e5 2. Nf3 d6 3. d4 Nd7 4. d5 Ngf6 5. Nc3 a6 6. Bg5 h6 7. Bxf6 Nxf6 8. Be2
Ng4 9. h3 Nf6 10. O-O b6 11. Qd3 Bb7 12. b4 Be7 13. Qxa6 Rxa6 0-1

[Event "AUTO-INT-1055"]
[Site "http://www.queenalice.com/game.php?id=471170"]
[Date "2008.10.1"]
[Round "1"]
[White "J_Ricardo"]
[Black "Nederburg"]
[Result "1-0"]
[WhiteElo "1610"]
[BlackElo "1606"]

1. d4 d5 2. Nc3 Nc6 3. Nf3 e5 4. dxe5 d4 5. Nb5 a6 6. Nbxd4 Nxd4 7. Nxd4 Bc5 8.
e3 Bxd4 9. exd4 Qd5 10. Be3 Ne7 11. h3 Be6 12. b3 Qxd4 13. Qxd4 1-0

[Event "AUTO-INT-1171"]
[Site "http://www.queenalice.com/game.php?id=523448"]
[Date "2009.1.16"]
[Round "1"]
[White "anderson_amorim89"]
[Black "Nederburg"]
[Result "1-0"]
[WhiteElo "1640"]
[BlackElo "1430"]

1. d4 d5 2. c4 dxc4 3. e4 e5 4. d5 b5 5. a4 Ba6 6. axb5 Bb7 7. Bxc4 Qd6 8. Qa4
Qb6 9. Be3 Bc5 10. Bxc5 Qxc5 11. b6+ Bc6 12. dxc6 Qxc6 13. Bb5 1-0

[Event "AUTO-INT-1171"]
[Site "http://www.queenalice.com/game.php?id=523449"]
[Date "2009.1.16"]
[Round "1"]
[White "Nederburg"]
[Black "anderson_amorim89"]
[Result "0-1"]
[WhiteElo "1380"]
[BlackElo "2000"]

1. e4 c5 2. c4 e5 3. Nc3 Nf6 4. d3 Nc6 5. Nd5 d6 6. Nxf6+ Qxf6 7. Nf3 Bg4 8. Be2
Bxf3 9. Bxf3 Nd4 10. Be3 Nxf3+ 11. Qxf3 Qxf3 12. gxf3 Be7 13. O-O-O O-O 14. b3
f5 15. Rhg1 fxe4 16. fxe4 Kh8 17. Rdf1 Rf3 18. Rg3 Raf8 19. Kd2 Bh4 20. Rxf3
Rxf3 21. Ke2 Rh3 22. Rh1 Bd8 23. f3 Bh4 24. a4 Bg3 25. Bg1 h6 26. Kf1 Bf4 27.
Kg2 Rh5 28. h4 g5 29. Bf2 Kg7 30. hxg5 Rxg5+ 31. Kh3 Kf7 32. Rg1 Rh5+ 33. Kg2
Rh2+ 34. Kf1 Bg5 35. Rg2 Rh1+ 36. Rg1 Rh3 37. Rg3 Rh5 38. Kg2 Bh4 39. Rh3 Rg5+
40. Bg3 Rxg3+ 41. Rxg3 Bxg3 42. Kxg3 Kg6 43. Kh4 h5 44. a5 a6 45. Kg3 Kg5 46.
Kh2 Kf4 47. Kg2 h4 48. Kh3 Kxf3 49. Kxh4 Ke3 50. Kg4 Kxd3 51. Kf5 Kd4 52. Ke6
Kxe4 53. Kxd6 Kd4 54. Ke6 e4 0-1

[Event "AUTO-INT-1188"]
[Site "http://www.queenalice.com/game.php?id=532594"]
[Date "2009.1.31"]
[Round "1"]
[White "rdononato"]
[Black "Nederburg"]
[Result "1-0"]
[WhiteElo "1516"]
[BlackElo "1387"]

1. e4 e5 2. Nf3 Nc6 3. Bc4 d6 4. d3 Bg4 5. c3 Qf6 6. Be3 Bxf3 7. Qxf3 Qxf3 8.
gxf3 Nf6 9. Nd2 Be7 10. h4 Rf8 11. h5 h6 12. Ke2 1-0

[Event "AUTO-INT-1188"]
[Site "http://www.queenalice.com/game.php?id=532595"]
[Date "2009.1.31"]
[Round "1"]
[White "Nederburg"]
[Black "rdononato"]
[Result "0-1"]
[WhiteElo "1376"]
[BlackElo "1527"]

1. e4 d5 2. e5 Bf5 3. d4 c6 4. Nf3 h6 5. Bd3 Bxd3 6. Qxd3 Qa5+ 7. c3 Qa6 8. Qxa6
Nxa6 9. O-O e6 10. Re1 Ne7 11. Nbd2 c5 12. dxc5 Nxc5 0-1

[Event "AUTO-INT-1188"]
[Site "http://www.queenalice.com/game.php?id=532606"]
[Date "2009.1.31"]
[Round "1"]
[White "daniel0176"]
[Black "Nederburg"]
[Result "1-0"]
[WhiteElo "1646"]
[BlackElo "1406"]

1. d4 d5 2. Nc3 Nf6 3. Nf3 Nc6 4. Ng5 h6 5. Nf3 e6 6. a3 Be7 7. e3 O-O 8. Bd3
Qd7 9. O-O Qe8 10. Re1 Bd6 11. e4 dxe4 12. Nxe4 Nxe4 13. Bxe4 f6 14. Nh4 e5 15.
Nf5 Bxf5 16. Bxf5 Nxd4 17. Be4 c6 18. c3 Nb5 19. a4 Nxc3 20. bxc3 Qe7 21. Qb3+
Qf7 22. Qc2 f5 23. Bd3 g6 24. c4 Qg7 25. c5 Bc7 26. Bc4+ Kh7 27. Bb2 Rad8 28. f4
Rfe8 29. Re2 Re7 30. Rae1 Rde8 31. Qc3 h5 32. fxe5 Qf8 33. h3 a6 34. g4 hxg4 35.
hxg4 fxg4 36. Rh2+ Kg7 37. e6+ Kg8 38. Qh8# 1-0

[Event "AUTO-INT-1188"]
[Site "http://www.queenalice.com/game.php?id=532607"]
[Date "2009.1.31"]
[Round "1"]
[White "Nederburg"]
[Black "daniel0176"]
[Result "1-0"]
[WhiteElo "1378"]
[BlackElo "1674"]

1. e4 Nf6 2. Nc3 e5 3. Nf3 a6 4. d4 d6 5. dxe5 Ng4 6. h3 Nxf2 7. Kxf2 Nc6 8. a3
Be6 9. Bf4 d5 10. exd5 Bc5+ 11. Be3 Bxe3+ 12. Kxe3 Qd7 13. dxe6 Qxe6 14. Qd5
Qh6+ 15. Kf2 Rd8 16. Qb3 O-O 17. Qxb7 Nxe5 18. Nxe5 Qf4+ 19. Nf3 Rfe8 20. Be2
Qe3+ 21. Kg3 Qe6 22. Kh2 Qd6+ 23. g3 Rb8 24. Qxa6 Rb6 25. Qd3 Qe7 26. b4 Rd6 27.
Qc4 Rh6 28. Rhe1 g5 29. Bd3 Re6 30. Ne4 h6 31. Re2 g4 32. Nh4 gxh3 33. Nf5 Qf8
34. Qd4 f6 35. Bc4 Rd8 36. Bd5 Kh7 37. Qc5 Qxc5 38. bxc5 Rxd5 39. g4 h5 40. Ng5+
1-0

[Event "AUTO-INT-1188"]
[Site "http://www.queenalice.com/game.php?id=532612"]
[Date "2009.1.31"]
[Round "1"]
[White "erivaldoadao"]
[Black "Nederburg"]
[Result "1-0"]
[WhiteElo "1633"]
[BlackElo "1393"]

1. e4 e5 2. Nf3 Nc6 3. Bb5 Qf6 4. Nc3 Nd4 5. Nxd4 Bc5 6. Nf3 c6 7. Bc4 d6 8. d3
Bg4 9. h3 Bxf3 10. Qxf3 Qxf3 11. gxf3 f6 12. Rf1 O-O-O 13. Bd2 Ne7 14. O-O-O g5
15. Na4 h6 16. Nxc5 dxc5 17. Be6+ Kc7 18. Kb1 Ng6 19. Be3 b6 20. Bf5 Nf4 21.
Bxf4 exf4 22. Rg1 Rhg8 23. Rd2 h5 24. a3 a5 25. Be6 1-0

[Event "AUTO-INT-1188"]
[Site "http://www.queenalice.com/game.php?id=532613"]
[Date "2009.1.31"]
[Round "1"]
[White "Nederburg"]
[Black "erivaldoadao"]
[Result "0-1"]
[WhiteElo "1400"]
[BlackElo "1615"]

1. e4 c5 2. c4 e6 3. Nc3 g6 4. d4 cxd4 5. Qxd4 Qf6 6. Qxf6 Nxf6 7. Be2 Bg7 8. e5
Nh5 9. Bxh5 gxh5 10. Nf3 O-O 11. O-O Nc6 12. Re1 a6 13. a3 b6 14. b4 Bb7 15. b5
axb5 16. Nxb5 Na5 17. Be3 Bxf3 18. Bxb6 Nxc4 19. Bc5 Rfc8 20. Be3 Bc6 21. Nd6
Nxd6 22. exd6 Bxa1 23. Rxa1 Ra6 0-1